000 00441nam a2200169Ia 4500
008 180921t2016 xxu||||| |||| 00| 0 sin d
041 _asin
080 _aX398
_bRAJ
100 _aRajapaksha,S.M.W
245 _aජන පද්‍ය සාහිත්‍යය
246 _aJana Padua Sahiththiya
260 _bGodage
_aColombo
_c2016
300 _b212p, 23cm
942 _cBK
999 _c4443
_d4443
003 LK-CoDNM
040 _aLK-CoDNM
_dLK-CoDNM
_eLK-CoDNM